00261nam a2200109Ia 4500008004100000082001700041100002100058245002500079260003100104300000800135650000800143191201s2005 xx 000 0 und d a658.069bBAF aBANERJEE, Bani P 0aFoundation of Ethics aN.DelhibExcel Booksc2005 a176 aMBA